| 000 | 00566nam a2200229Ia 4500 | ||
|---|---|---|---|
| 008 | 170918s9999 xx 000 0 und d | ||
| 020 | _a9780545481878 | ||
| 050 | _bS857th 2013 | ||
| 100 | _aStilton, Geronimo | ||
| 245 | _aThea Stilton : | ||
| 245 | _band the dancing shadows / | ||
| 245 | _cby Geronimo Stilton. | ||
| 260 | _aNew York : | ||
| 260 | _bScholastic, | ||
| 260 | _c2013 | ||
| 300 | _a160 pages : | ||
| 300 | _bcolor illustrations ; | ||
| 300 | _c19cm. | ||
| 300 | _eGeronimo Stilton special edition ; | ||
| 440 | _a14 | ||
| 500 | _a740 | ||
| 999 |
_c344155 _d344155 |
||